| 000 | 00969nam a22002417a 4500 | ||
|---|---|---|---|
| 999 |
_c7807 _d7807 |
||
| 003 | AR-CdUCM | ||
| 008 | 190321b ||||| |||| 00| 0 spa d | ||
| 040 |
_aMUNICIPALIDAD PROVINCIAL DEL CUSCO _cBIBLIOTECA MUNICIPAL DEL CUSCO |
||
| 082 |
_a636.2 / _bR87 |
||
| 100 |
_aRovira, Jaime _922067 |
||
| 245 | _aReproducción y manejo de los rodeos de cria / | ||
| 260 |
_aMexico : _bCentro Regional de Ayuda Técnica, Agencia para el Desarrollo Internacional (AID), _c1974. |
||
| 300 |
_a293 paginas ; _btablas, graficos, cuadros, _c19 cm. |
||
| 440 |
_aTemas de agricultura _n8 _922068 |
||
| 500 | _aColeccion de ciencia agropecuarios | ||
| 505 | _aContenido: produccion de carne -- edad a la primera paricion -- actividad sexual -- nivel nutritivo -- relaciones entre el peso -- la ctacion y fertilidad... | ||
| 650 |
_aCria _922069 |
||
| 650 |
_aPubertad _922070 |
||
| 650 |
_aFertilidad _922071 |
||
| 650 |
_aTerneros _922072 |
||
| 942 |
_2ddc _cLIBROS |
||
| 945 | _apjha | ||